| 000 | 00856nam a22002417a 4500 | ||
|---|---|---|---|
| 999 |
_c6217 _d6217 |
||
| 003 | AR-CdUCM | ||
| 008 | 190314b ||||| |||| 00| 0 spa d | ||
| 040 |
_aMUNICIPALIDAD PROVINCIAL DEL CUSCO _cBIBLIOTECA MUNICIPAL DEL CUSCO |
||
| 082 |
_a808.81 / _bA59 |
||
| 100 |
_aAntezana Juárez, René _917924 |
||
| 245 | _aLa flecha del tiempo / | ||
| 260 |
_aLa Paz : _bEdiciones casa dela cultura, _c1993. |
||
| 300 |
_a104 páginas ; _c20 cm. |
||
| 500 | _aPremio único de poesía del XXII concurso anual de literatura ''Franz Tamayo'' 1992 | ||
| 505 | _aContenido: La edad sumergida -- Guaman Poma -- El puma -- El danzante... | ||
| 650 |
_aPoesía _9444 |
||
| 650 |
_aPoesía boliviana _92577 |
||
| 650 |
_aSiglo XX _98 |
||
| 700 |
_a _917925 |
||
| 710 |
_aAlcaldía municipal de La Paz - Bolivia _917926 |
||
| 942 |
_2ddc _cLIBROS |
||
| 945 | _aJavier | ||